| 000 | 00814cam a22002411 4500 | ||
|---|---|---|---|
| 001 | l 50000006 | ||
| 003 | DLC | ||
| 005 | 20260227111541.0 | ||
| 008 | 760303s1949 sz 000 0 eng | ||
| 010 | _al 50000006 | ||
| 035 | _a(OCoLC)2028327 | ||
| 040 |
_aDLC _cLU _dDLC |
||
| 042 | _apremarc | ||
| 050 | 0 | 0 |
_aHD7801 _b.I67 no. 17 |
| 082 | _a339.42 | ||
| 110 | 2 | _aInternational Labour Office | |
| 245 | 0 | 0 |
_aMethods of family living studies. _bReport prepared for the seventh International Conference of Labour Statisticians, Geneva, September 1949. |
| 260 |
_aGeneva, _c1949. |
||
| 300 |
_a63 p. _c24 cm. |
||
| 490 | 1 |
_aIts Studies and reports, new ser., _vno. 17 |
|
| 650 | 0 |
_aCost and standard of living _vStatistics. |
|
| 810 | 2 |
_aInternational Labour Office. _tStudies and reports, new ser., _vno. 17. |
|
| 999 |
_c36667 _d36667 |
||